Statistics for Gay Games Host Cities

Click here to take the quiz!

General Stats

  • This quiz has been taken 104 times
  • The average score is 6 of 11

Answer Stats

YearHost City% Correct
2018Paris
84%
1982San Francisco
74%
1986San Francisco
74%
1994New York City
71%
1998Amsterdam
70%
2006Chicago
60%
2002Sydney
60%
1990Vancouver
53%
2022Hong Kong
20%
2010Cologne
14%
2014Cleveland-Akron
10%

Score Distribution

Percentile by Number Answered

Percent of People with Each Score

Your Score History

You have not taken this quiz